| 000 | 00805nam a2200289 a 4500 | ||
|---|---|---|---|
| 003 | AR-BaBNM | ||
| 005 | 20251128203313.0 | ||
| 008 | 082120s2002 ||||||||||||||000 | spa|| | ||
| 040 | _cAR-BaBNM | ||
| 100 | 1 | _aCassirer, Ernst | |
| 245 | 0 | 0 |
_aAntropología filosófica _bintroducción a una filosofía de la cultura |
| 250 | _a1ª ed. | ||
| 260 |
_aMéxico, D.F. _bFondo de Cultura Económica _c1945 |
||
| 300 |
_a418 p. _bil. |
||
| 500 | _aContiene índice de nombres en p. 413 | ||
| 650 | 4 | _aARTE | |
| 650 | 4 | _aANTROPOLOGIA CULTURAL Y SOCIAL | |
| 650 | 4 | _aFILOSOFIA CULTURAL | |
| 650 | 4 | _aESTUDIOS CULTURALES | |
| 650 | 4 | _aRELIGION | |
| 650 | 4 | _aHISTORIA | |
| 650 | 4 | _aCIENCIA | |
| 650 | 4 | _aTEORIA DEL CONOCIMIENTO | |
| 653 | _aHISTORIA DE LA LENGUA | ||
| 942 | _cBK | ||
| 998 | _cMARTIN | ||
| 999 |
_c2800 _d2800 |
||